[Event "Midwest Masters"]
[Site "Chicago"]
[Date "1985.??.??"]
[Round "2"]
[White "Acosta, Mariano"]
[Black "Zelkind, Mike"]
[Result "0-1"]
[WhiteElo "2200"]
[BlackElo "2200"]

1.c4 Nf6 2.Nc3 g6 3.e4 d6 4.d4 Bg7 5.Be2 O-O 6.Nf3 e5 7.O-O Nc6 8.d5 Ne7
9.Ne1 Nd7 10.Nd3 f5 11.f3 a5 12.Bd2 b6 13.a3 Nf6 14.b4 f4 15.c5 bxc5 16.bxc5 c6
17.Qb3 Kh8 18.cxd6 Qxd6 19.dxc6 Nxc6 20.Nb5 Nd4 21.Nxd4 Qxd4+ 22.Rf2 Qxa1+
23.Bf1 Qd4 24.Bc3 Be6 25.Qb2 Qa7 26.Nxe5 Rab8 27.Qa1 Qc7 28.g4 Rb3 29.Bd4 Rfb8
30.g5 Ne8 31.Nd3 Rb1 32.Bxg7+ Qxg7 33.Qxg7+ Kxg7  0-1

[Event "Midwest Masters"]
[Site "Chicago"]
[Date "1985.??.??"]
[Round "5"]
[White "Van Meter, Lester"]
[Black "Giles, Morris"]
[Result "0-1"]
[WhiteElo "2260"]
[BlackElo "2200"]

1.d4 Nf6 2.c4 g6 3.Nc3 Bg7 4.Nf3 O-O 5.e4 d6 6.Be2 e5 7.O-O Nc6 8.d5 Ne7
9.Ne1 Nd7 10.Nd3 f5 11.Bd2 Nf6 12.f3 f4 13.b4 g5 14.c5 Rf7 15.Nb5 Bf8 16.a4 h5
17.Nf2 Ng6 18.c6 bxc6 19.dxc6 Be6 20.Na3 Nh4 21.h3 Rg7 22.Be1 Qe8 23.Rc1 Rd8
24.Bc4 d5 25.exd5 Nxd5 26.Ne4 Kh8 27.Qb3 Nf5 28.Bf2 Qg6 29.Rfd1 g4 30.fxg4 hxg4
31.h4 g3 32.Bxa7 Nxh4 33.Nc3 Qh6 34.Bxd5 Rh7 35.Kf1 Nf5 36.Ke2 Rxd5 37.Nxd5 Qh2
38.Qf3 Nh4 39.Bg1 Nxf3 40.Bxh2 Nd4+ 41.Rxd4 exd4 42.Bg1 Bxd5 43.Bxd4+ Kg8
44.Rf1 Bd6 45.Rc1 Bxg2 46.Nc4 f3+ 47.Kd3 Bxb4 48.Ne3 Rh1 49.Rc4 Bd6 50.Bc5 Bxc5
51.Rxc5 Kf7 52.Rd5 f2 53.Rd7+ Ke6 54.Rxc7 f1=Q+ 55.Nxf1 Bxf1+  0-1

[Event "Copenhagen"]
[Site "Copenhagen"]
[Date "1985.??.??"]
[Round "2"]
[White "Pinter, Jozsef"]
[Black "Mortensen, Erling"]
[Result "1-0"]
[WhiteElo "2540"]
[BlackElo "2460"]

1.d4 Nf6 2.c4 g6 3.Nc3 Bg7 4.e4 d6 5.Be2 O-O 6.Nf3 e5 7.O-O Nc6 8.d5 Ne7
9.Ne1 Nd7 10.f3 f5 11.g4 Nf6 12.Nd3 c6 13.Be3 Kh8 14.h3 b5 15.Nb4 bxc4 16.Nxc6 Nxc6
17.dxc6 Be6 18.Qa4 fxe4 19.fxe4 d5 20.Bc5 d4 21.Bxf8 Bxf8 22.c7 Qe7 23.Qc6 Rc8
24.Nd5 Nxd5 25.exd5 Bd7 26.Qxc4 Bh6 27.Kg2 Be3 28.b4 e4 29.Qc5 Qxc5 30.bxc5 d3
31.Rf7 Bb5 32.d6 Bg5 33.h4 Bxh4 34.g5  1-0

[Event "Dresden"]
[Site "Dresden"]
[Date "1985.??.??"]
[Round "3"]
[White "Kochyev, Alexander"]
[Black "Schmidt, Wlodzimierz"]
[Result "1-0"]
[WhiteElo "2465"]
[BlackElo "2470"]

1.Nf3 Nf6 2.c4 g6 3.Nc3 Bg7 4.e4 d6 5.d4 O-O 6.Be2 e5 7.O-O Nc6 8.d5 Ne7
9.Nd2 c5 10.dxc6 bxc6 11.b4 d5 12.Ba3 a6 13.Re1 Re8 14.Bf1 Be6 15.Bb2 Qb8
16.a3 Rd8 17.Qc2 dxe4 18.Ndxe4 Nf5 19.Nxf6+ Bxf6 20.Ne4 Bg7 21.Ng5 Bd7 22.Rad1 f6
23.Ne4 Be8 24.c5 Bf7 25.Bc4 Qa7 26.Qb3 Qe7 27.Nd6 Nxd6 28.Rxd6 Rxd6 29.cxd6 Qd7
30.f4 Bxc4 31.Qxc4+ Kh8 32.fxe5 fxe5 33.Qc5 Rd8 34.Bxe5 Re8 35.Qd4 Kg8 36.Qc4+ Kh8
37.Qc3 Kg8 38.Qc4+ Kh8 39.Bxg7+ Kxg7 40.Qd4+ Kg8 41.Rxe8+ Qxe8 42.Kf2 Qd7
43.Qe5  1-0

[Event "Dresden"]
[Site "Dresden"]
[Date "1985.??.??"]
[Round "6"]
[White "Chekhov, Valery A"]
[Black "Schmidt, Wlodzimierz"]
[Result "1-0"]
[WhiteElo "2495"]
[BlackElo "2470"]

1.Nf3 Nf6 2.c4 g6 3.Nc3 Bg7 4.e4 d6 5.d4 O-O 6.Be2 e5 7.O-O Nc6 8.Be3 Re8
9.dxe5 dxe5 10.Qxd8 Rxd8 11.Bg5 Rf8 12.Rfd1 Bg4 13.Rd3 h6 14.Be3 Rfd8 15.Rad1 Rxd3
16.Rxd3 Rc8 17.h3 Be6 18.Rd1 Bf8 19.a3 a5 20.Nd2 Nd7 21.Nd5 Ncb8 22.Nf3 Na6
23.Bxh6 Bxh6 24.Ne7+ Kf8 25.Nxc8 Nac5 26.Na7 c6 27.Nc8 Nxe4 28.Bd3 Nec5 29.Bc2 a4
30.Nd6 Ke7 31.Ne4 Nxe4 32.Bxe4 Bxc4 33.Rxd7+  1-0

[Event "Esbjerg"]
[Site "Esbjerg"]
[Date "1985.??.??"]
[Round "3"]
[White "Ftacnik, Lubomir"]
[Black "Mortensen, Erling"]
[Result "1-0"]
[WhiteElo "2500"]
[BlackElo "2450"]

1.d4 Nf6 2.c4 g6 3.Nc3 Bg7 4.e4 d6 5.Nf3 O-O 6.Be2 e5 7.O-O Nc6 8.d5 Ne7
9.Ne1 Nd7 10.Nd3 f5 11.Bd2 fxe4 12.Nxe4 Nf5 13.Bc3 Nf6 14.Bf3 Nh4 15.Nxf6+ Qxf6
16.Be4 Bf5 17.Qe2 Bxe4 18.Qxe4 Qg5 19.Rad1 Rf7 20.Bd2 Qf6 21.b4 Nf5 22.Bc3 Qh4
23.Qxh4 Nxh4 24.Rfe1 Nf5 25.a4 Rc8 26.Rc1 a6 27.a5 Re8 28.b5 Ra8 29.b6 Rc8
30.Re4 Nd4 31.f4 cxb6 32.fxe5 dxe5 33.Bxd4 exd4 34.axb6 Rd7 35.c5 Rxd5 36.Re7 Rb8
37.Rxb7 Rxb7 38.c6  1-0

[Event "Esbjerg"]
[Site "Esbjerg"]
[Date "1985.??.??"]
[Round "3"]
[White "Farago, Ivan"]
[Black "Kristiansen, Jens"]
[Result "1/2-1/2"]
[WhiteElo "2510"]
[BlackElo "2390"]

1.d4 g6 2.c4 Bg7 3.Nc3 d6 4.e4 Nf6 5.Be2 O-O 6.Nf3 e5 7.O-O Nc6 8.d5 Ne7
9.Nd2 a5 10.Rb1 Nd7 11.a3 f5 12.b4 axb4 13.axb4 Bh6 14.Kh1 Kg7 15.Bb2 Nf6
16.Bd3 Neg8 17.c5 Nh5 18.exf5 Nf4 19.Nde4 gxf5 20.Ng3 Ne7 21.cxd6 cxd6 22.Nh5+ Nxh5
23.Qxh5 Ng6 24.g3 f4 25.gxf4 Bxf4 26.Rg1 Qf6 27.Ne2 Bd2 28.f4 Bf5 29.fxe5 dxe5
30.Bxf5 Qxf5 31.Qxf5 Rxf5 32.Ng3 Rf3 33.Bxe5+ Nxe5 34.Ne4+ Ng6 35.Nxd2 Rd3
36.Nc4 b5  1/2-1/2

[Event "Gausdal zt"]
[Site "Gausdal"]
[Date "1985.??.??"]
[Round "?"]
[White "Yrjola, Jouni"]
[Black "Moen, Ole Christian"]
[Result "1-0"]
[WhiteElo "2500"]
[BlackElo "2325"]

1.d4 Nf6 2.c4 g6 3.Nc3 Bg7 4.e4 d6 5.Be2 O-O 6.Nf3 e5 7.O-O Nc6 8.d5 Ne7
9.Ne1 Nd7 10.Be3 f5 11.f3 f4 12.Bf2 g5 13.b4 Ng6 14.c5 Nf6 15.Rc1 h5 16.cxd6 cxd6
17.Nb5 Ne8 18.Nxa7 Bd7 19.a4 g4 20.fxg4 Qg5 21.Nf3 Qh6 22.g5 Qh7 23.h4 Ne7
24.Nd2 f3 25.Bxf3  1-0

[Event "Hamburg HSV"]
[Site "Hamburg"]
[Date "1985.??.??"]
[Round "?"]
[White "Wegner, Hannu"]
[Black "Berg, Klaus"]
[Result "1/2-1/2"]
[WhiteElo "2210"]
[BlackElo "2350"]

1.d4 Nf6 2.Nf3 g6 3.c4 Bg7 4.Nc3 O-O 5.e4 d6 6.Be2 e5 7.O-O Nc6 8.d5 Ne7
9.Ne1 Nd7 10.Nd3 f5 11.Bd2 Nf6 12.f3 f4 13.c5 g5 14.Rc1 Ng6 15.cxd6 cxd6
16.Nb5 Rf7 17.Qc2 Ne8 18.a4 Bf8 19.Nf2 Bd7 20.Qb3 h5 21.Rc2 Qb8 22.a5 Be7
23.Na3 a6 24.Nc4 Bd8 25.Nb6 Bxb6 26.Qxb6 Rg7 27.h3 Ne7 28.Rfc1 Nc8 29.Qd8 Na7
30.Qxb8  1/2-1/2

[Event "Hamburg-ch"]
[Site "Hamburg"]
[Date "1985.??.??"]
[Round "?"]
[White "Schacht, Holger"]
[Black "Kreutzkamp, Reinhold"]
[Result "1/2-1/2"]
[WhiteElo "2270"]
[BlackElo "2260"]

1.d4 Nf6 2.c4 g6 3.Nc3 Bg7 4.e4 d6 5.Nf3 O-O 6.Be2 e5 7.O-O Nc6 8.d5 Ne7
9.Ne1 Ne8 10.Nd3 f5 11.f4 c6 12.fxe5 dxe5 13.Bg5 h6 14.Bxe7 Qxe7 15.c5 cxd5
16.Nxd5 Qh4 17.Qb3 Kh8 18.Bf3 fxe4 19.g3 Qd8 20.Bxe4 Bf5 21.Nf2 Nc7 22.Nxc7 Qxc7
23.Rac1 Rab8 24.Rfd1 Rf7 25.Qc4 Rbf8 26.b4 Bd7 27.Nd3 a6 28.Bxg6 Bb5 29.Qg4 e4
30.Bxe4 Bd4+ 31.Kg2 Rg7 32.Qh4 Be3 33.Re1 Bg5 34.Qh5 Bxd3 35.Bxd3 Bxc1 36.Rxc1 Qc6+
37.Kg1 Qf6 38.Rf1 Qd4+ 39.Kg2 Rxf1 40.Bxf1 Qd2+ 41.Kh3 Qd7+ 42.Kg2 Qc6+ 43.Kh3 Qe6+
44.Kg2 Qxa2+ 45.Kh3 Qe6+ 46.Kg2 Rg5 47.Qh4 Qd5+ 48.Kg1 Rh5 49.Qf6+ Kg8 50.Bc4 Qxc4
51.Qg6+ Kf8 52.Qxh5 Qxb4  1/2-1/2

[Event "DDR-ch 34th"]
[Site "Jueterbog"]
[Date "1985.??.??"]
[Round "?"]
[White "Hesse, Peter"]
[Black "Uhlmann, Wolfgang"]
[Result "1/2-1/2"]
[WhiteElo "2355"]
[BlackElo "2470"]

1.d4 Nf6 2.Nf3 g6 3.c4 Bg7 4.Nc3 O-O 5.e4 d6 6.Be2 e5 7.O-O Nc6 8.d5 Ne7
9.Nd2 c5 10.Rb1 Ne8 11.b4 f5 12.f3 Bh6 13.bxc5 Be3+ 14.Kh1 Bxc5 15.Nb3 f4
16.Nxc5 dxc5 17.Bb2 g5 18.d6 Qxd6 19.Qxd6 Nxd6 20.Na4 Nc6 21.Nxc5 b6 22.Nb3 Ba6
23.Rbc1 Rad8 24.Kg1  1/2-1/2

[Event "Kecskemet op"]
[Site "Kecskemet "]
[Date "1985.??.??"]
[Round "4"]
[White "Tolnai, Tibor"]
[Black "Perenyi, Bela"]
[Result "1/2-1/2"]
[WhiteElo "2305"]
[BlackElo "2335"]

1.d4 Nf6 2.Nf3 g6 3.c4 Bg7 4.Nc3 O-O 5.e4 d6 6.Be2 e5 7.O-O Nc6 8.dxe5 dxe5
9.Qxd8 Rxd8 10.Bg5 Re8 11.Nd5 Nxd5 12.cxd5 Nd4 13.Nxd4 exd4 14.Bd3 Bd7 15.Rfe1 Rac8
16.Rac1 c6 17.dxc6 Bxc6 18.Bd2 Bf8 19.f4 f6 20.Kf2 Bd6 21.g3 Rc7 22.Bc4+ Kf8
23.Bd5 Bxd5 24.Rxc7 Bxc7 25.Bb4+ Kf7 26.exd5 Bb6 27.Rxe8 Kxe8 28.Ke2 Kd7
29.Kd3 f5 30.b3 a6 31.a4 Ba7 32.Bf8 b5 33.axb5 axb5 34.b4 Bb6 35.h3 h5 36.h4 Bc7
37.Kxd4 Bd6 38.Bxd6 Kxd6 39.Ke3  1/2-1/2

[Event "Kecskemet op"]
[Site "Kecskemet "]
[Date "1985.??.??"]
[Round "7"]
[White "Cserna, Laszlo"]
[Black "Pavlovic, M."]
[Result "0-1"]
[WhiteElo "2400"]
[BlackElo "2310"]

1.d4 Nf6 2.c4 g6 3.Nc3 Bg7 4.e4 d6 5.Nf3 O-O 6.Be2 e5 7.O-O Nc6 8.d5 Ne7
9.Nd2 a5 10.Rb1 Nd7 11.a3 f5 12.b4 b6 13.Nb3 axb4 14.axb4 Nf6 15.f3 h6 16.Be3 g5
17.Nd2 Ng6 18.c5 bxc5 19.bxc5 Nf4 20.Bb5 g4 21.cxd6 cxd6 22.Bc6 Ra3 23.Rb3 Rxb3
24.Qxb3 gxf3 25.Rxf3 Ng4 26.Nf1 Qh4 27.Qd1 Ba6 28.g3 Nh3+ 29.Kh1 Qh5 30.Qd2 f4
31.gxf4 exf4 32.Bg1 Ne5  0-1

[Event "Lloyds Bank op"]
[Site "London"]
[Date "1985.??.??"]
[Round "?"]
[White "Knott, Simon JB"]
[Black "Thipsay, Praveen Mahadeo"]
[Result "1-0"]
[WhiteElo "2275"]
[BlackElo "2495"]

1.c4 g6 2.Nf3 Bg7 3.d4 Nf6 4.Nc3 O-O 5.e4 d6 6.Be2 e5 7.O-O Nc6 8.d5 Ne7
9.Ne1 Nd7 10.Nd3 f5 11.Bd2 Nf6 12.f3 f4 13.c5 g5 14.Rc1 Ng6 15.cxd6 cxd6
16.Nb5 Rf7 17.Qc2 Ne8 18.a4 h5 19.Nf2 Bd7 20.Qb3 Bf8 21.Rc2 Rg7 22.Rfc1 g4
23.fxg4 hxg4 24.Bxg4 Bxg4 25.Nxg4 Nh4 26.h3 Nf6 27.Be1 Nxg4 28.hxg4 Rxg4
29.Qh3 Qg5 30.Nc7 Rc8 31.Bxh4 Qh5 32.Rc3 Qxh4 33.Qxh4 Rxh4 34.Ne6 Rxc3 35.Rxc3 Be7
36.Rc7 Kf7 37.Rxb7 Rg4 38.Kf1 Rg3 39.a5 a6 40.b4 Ra3 41.Ng7 Kxg7 42.Rxe7+ Kf8
43.Rb7 Ra2 44.Kg1 Kg8 45.Rb6 Rb2 46.b5 axb5 47.a6 Ra2 48.Rxd6 b4 49.Rb6 b3
50.Rxb3 Rxa6 51.Kf2 Kf7 52.Rc3 Ke7 53.Kf3 Rg6 54.Rc6 Rg5 55.Re6+ Kf7 56.Kf2 Rh5
57.g4  1-0

[Event "URS-ch U26"]
[Site "Lvov"]
[Date "1985.??.??"]
[Round "?"]
[White "Novikov, Igor A"]
[Black "Glek, Igor V"]
[Result "1/2-1/2"]
[WhiteElo "2460"]
[BlackElo "2405"]

1.d4 Nf6 2.c4 g6 3.Nc3 Bg7 4.e4 d6 5.Be2 O-O 6.Nf3 e5 7.O-O Nc6 8.d5 Ne7
9.Ne1 Nd7 10.Nd3 f5 11.Bd2 Nf6 12.f3 f4 13.c5 g5 14.Rc1 Ng6 15.cxd6 cxd6
16.Nb5 Rf7 17.Qc2 Ne8 18.a4 h5 19.Nf2 Bf8 20.Nxa7 Rc7 21.Ba5 Rxc2 22.Bxd8 Rxe2
23.Nxc8 Rxa4 24.Nd3 g4 25.Rf2 Re3 26.Ne1 Ra8 27.Rfc2 Rb3 28.Kf2 Ra2 29.Rb1 Kf7
30.Ke2 Be7 31.Nxe7 Nxe7 32.Nd3 Ra8 33.Bxe7 Kxe7 34.Rbc1 Kd8 35.Rc3 Rxc3 36.Rxc3 Ra1
37.Rc1 Ra4 38.Rc3 Ra1 39.Rc1 Ra4 40.Rc3 Nf6 41.Ra3 Rxa3 42.bxa3 Kc7 43.Nb2 Nh7
44.a4  1/2-1/2

[Event "WchT U26"]
[Site "Mendoza"]
[Date "1985.??.??"]
[Round "3"]
[White "Yrjola, Jouni"]
[Black "Roselli Mailhe, Bernardo"]
[Result "1/2-1/2"]
[WhiteElo "2500"]
[BlackElo "2275"]

1.d4 Nf6 2.c4 g6 3.Nc3 Bg7 4.e4 d6 5.Be2 O-O 6.Nf3 e5 7.O-O Nc6 8.d5 Ne7
9.b4 Nd7 10.a4 a5 11.bxa5 Rxa5 12.Ba3 f5 13.Nd2 fxe4 14.Ncxe4 Nf5 15.Bb4 Ra8
16.c5 dxc5 17.Nxc5 Nxc5 18.Bxc5 Re8 19.Ne4 Qh4 20.f3 Kh8 21.Bc4 b6 22.Bf2 Qd8
23.Re1 h6 24.Qd2 Bb7 25.Qd3 Kh7 26.Ra2 Nd4 27.Nc3 Qf6 28.h4 Kh8 29.Ne4 Qf5
30.d6 Bxe4 31.fxe4 Qd7 32.dxc7  1/2-1/2

[Event "Montpellier zt"]
[Site "Montpellier"]
[Date "1985.??.??"]
[Round "?"]
[White "Andruet, Gilles"]
[Black "Van der Wiel, John TH"]
[Result "0-1"]
[WhiteElo "2390"]
[BlackElo "2500"]

1.Nf3 Nf6 2.c4 g6 3.d4 Bg7 4.Nc3 O-O 5.e4 d6 6.Be2 e5 7.O-O Nc6 8.d5 Ne7
9.Ne1 Nd7 10.Be3 f5 11.f3 f4 12.Bf2 g5 13.b4 Rf6 14.c5 a6 15.c6 bxc6 16.dxc6 Nf8
17.a4 Rh6 18.b5 Qe8 19.Kh1 Ne6 20.Bc4 Kh8 21.Nd3 Nd4 22.Nb4 Qh5 23.Bg1 g4
24.Nxa6 g3 25.Nxc7 Qg5 26.Rf2 gxf2 27.Nxa8 Rg6 28.Qf1 fxg1=Q+ 29.Qxg1 Qh5
30.Rf1 d5 31.Nxd5 Nxd5 32.Bxd5 Ne2 33.Qb6 Qxh2+  0-1

[Event "New York op"]
[Site "New York"]
[Date "1985.??.??"]
[Round "9"]
[White "Durham, Dan"]
[Black "Winslow, Elliott C"]
[Result "1-0"]
[WhiteElo "2280"]
[BlackElo "2365"]

1.d4 Nf6 2.c4 g6 3.Nc3 Bg7 4.e4 d6 5.Nf3 O-O 6.Be2 e5 7.O-O Nc6 8.d5 Ne7
9.Ne1 Nd7 10.Be3 f5 11.f3 Rf7 12.Rc1 f4 13.Bf2 g5 14.b4 Ng6 15.c5 Nf6 16.cxd6 cxd6
17.a4 Bf8 18.a5 Bd7 19.Kh1 Rg7 20.Nb5 Bxb5 21.Bxb5 g4 22.Bg1 Nh4 23.Rc3 gxf3
24.gxf3 Nh5 25.Qc2 Qg5 26.Rc7 Rg6 27.Bd7 Ng3+ 28.hxg3 fxg3 29.Ng2 Nf5 30.Bxf5 Qh5+
31.Nh4 g2+ 32.Qxg2 Rxg2 33.Kxg2 Qxh4 34.Be3 Qf6 35.Bxh7+ Kh8 36.Rh1 Be7 37.Bf5+ Kg8
38.Rh6 Qf8 39.Be6+ Kg7 40.Rh3 Kf6 41.Rg3  1-0

[Event "Nordic-chT"]
[Site "Pohja"]
[Date "1985.??.??"]
[Round "?"]
[White "Karlsson, Lars"]
[Black "Sznapik, Aleksander"]
[Result "1/2-1/2"]
[WhiteElo "2530"]
[BlackElo "2465"]

1.c4 g6 2.Nc3 Bg7 3.d4 Nf6 4.e4 d6 5.Nf3 O-O 6.Be2 e5 7.O-O Nc6 8.d5 Ne7
9.b4 Nh5 10.c5 h6 11.Nd2 Nf4 12.Nc4 f5 13.f3 g5 14.Be3 Neg6 15.cxd6 cxd6
16.Nb5 Nh4 17.g3 Nh3+ 18.Kh1 f4 19.Bxa7 fxg3 20.hxg3 g4 21.Bb6 Qd7 22.fxg4 Qxb5
23.Rxf8+ Bxf8 24.gxh4 Qxb4 25.a4 Nf4 26.Bf1 Bd7 27.a5 Rc8 28.Qc2 Bb5 29.Rb1 Rxc4
30.Rxb4 Rxc2 31.Bxb5  1/2-1/2

[Event "Rubinstein mem"]
[Site "Polanica Zdroj"]
[Date "1985.??.??"]
[Round "10"]
[White "Stohl, Igor"]
[Black "Schmidt, Wlodzimierz"]
[Result "1/2-1/2"]
[WhiteElo "2445"]
[BlackElo "2475"]

1.c4 g6 2.e4 Bg7 3.d4 d6 4.Nc3 Nf6 5.Be2 O-O 6.Nf3 e5 7.O-O Nc6 8.d5 Ne7
9.Nd2 a5 10.b3 c5 11.dxc6 bxc6 12.Re1  1/2-1/2

[Event "Rubinstein mem"]
[Site "Polanica Zdroj"]
[Date "1985.??.??"]
[Round "11"]
[White "Sygulski, Artur"]
[Black "Sznapik, Aleksander"]
[Result "1/2-1/2"]
[WhiteElo "2445"]
[BlackElo "2450"]

1.d4 Nf6 2.c4 g6 3.Nc3 Bg7 4.Nf3 O-O 5.e4 d6 6.Be2 e5 7.O-O Nc6 8.dxe5 dxe5
9.Qxd8 Rxd8 10.Bg5 Re8 11.Nb5  1/2-1/2

[Event "DSV-Turnier"]
[Site "Potsdam"]
[Date "1985.??.??"]
[Round "3"]
[White "Boensch, Uwe"]
[Black "Vogt, Lothar"]
[Result "0-1"]
[WhiteElo "2445"]
[BlackElo "2460"]

1.d4 Nf6 2.c4 g6 3.Nc3 Bg7 4.e4 d6 5.Be2 O-O 6.Nf3 e5 7.O-O Nc6 8.d5 Ne7
9.Nd2 c5 10.Rb1 Ne8 11.b4 b6 12.bxc5 dxc5 13.a4 a5 14.Rb3 Bd7 15.Bb2 Nd6
16.Qa1 Bh6 17.Ndb1 f6 18.Na3 Nec8 19.Bd3 Na7 20.Qb1 Rb8 21.Ba1 Rb7 22.Qb2 Qc7
23.g3 Bh3 24.Rb1 Rfb8 25.Qe2 Qc8 26.Nc2 Qe8 27.Ne3 f5 28.f3 Nac8 29.Ned1 fxe4
30.Nxe4 Nxe4 31.Bxe4 Nd6 32.g4 Qxa4 33.Bxe5 Nxe4 34.Bxb8 Nd2 35.Nc3 Qxc4
36.Rxb6 Qxe2 37.Nxe2 Rf7 38.Bf4 Bxf4 39.Nxf4 Rxf4 40.Rb8+ Kg7 41.R1b7+ Kh6
42.Kf2 c4 43.Rh8 c3 44.d6 Rxf3+ 45.Ke2 Bf1+ 46.Kd1 Bd3 47.Rhxh7+ Kg5 48.Rhe7 Rf1+
49.Re1 c2+ 50.Kxd2 Rxe1 51.Rc7 Rd1+ 52.Ke3 Kf6  0-1

[Event "DSV-Turnier"]
[Site "Potsdam"]
[Date "1985.??.??"]
[Round "6"]
[White "Chekhov, Valery A"]
[Black "Uhlmann, Wolfgang"]
[Result "1/2-1/2"]
[WhiteElo "2495"]
[BlackElo "2470"]

1.d4 Nf6 2.c4 g6 3.Nc3 Bg7 4.e4 d6 5.Be2 O-O 6.Nf3 e5 7.O-O Nc6 8.Be3 Ng4
9.Bg5 f6 10.Bc1 Kh8 11.d5 Ne7 12.h3 Nh6 13.b4 f5 14.Nd2 Nf7 15.a4 Bh6 16.c5 Bxd2
17.Qxd2 f4 18.Ba3 Ng8 19.Rfc1 Ng5 20.f3 Nf6 21.Kf1 Nh5 22.Ke1 Ng3 23.Kd1 Rf7
24.cxd6 cxd6 25.h4 N5xe4 26.Nxe4 Nxe4 27.fxe4 Qxh4 28.Kc2 Qg3 29.Bf3 b5 30.Qe1 Qg5
31.Kd2 Qd8 32.a5 g5 33.Qe2 g4 34.Bxg4 Bxg4 35.Qxg4 Rg7 36.Qe2 Qg5 37.Kd3 Rag8
38.Rf1 Qh4 39.Rf2 Rg3+ 40.Kc2 Re3 41.Qd2 Rc8+ 42.Kb1 Qg3  1/2-1/2

[Event "DSV-Turnier"]
[Site "Potsdam"]
[Date "1985.??.??"]
[Round "10"]
[White "Gruenberg, Hans Ulrich"]
[Black "Vogt, Lothar"]
[Result "1/2-1/2"]
[WhiteElo "2455"]
[BlackElo "2460"]

1.d4 Nf6 2.c4 g6 3.Nc3 Bg7 4.e4 d6 5.Be2 O-O 6.Nf3 e5 7.O-O Nc6 8.d5 Ne7
9.Nd2 c5 10.Rb1 Nd7 11.b4 cxb4 12.Rxb4 Nc5 13.Na4 b6 14.Nxc5 bxc5 15.Rb2 f5
16.Qa4 a5 17.Qb3 Bd7 18.Qb6 Qxb6 19.Rxb6 Nc8 20.Rb7 Ra7 21.Rb8 Ne7 22.Rb6 Nc8
23.Rb8 Ne7 24.Rb6 Nc8  1/2-1/2

[Event "Prague zt"]
[Site "Prague"]
[Date "1985.??.??"]
[Round "5"]
[White "Pinter, Jozsef"]
[Black "Sznapik, Aleksander"]
[Result "1-0"]
[WhiteElo "2540"]
[BlackElo "2450"]

1.d4 Nf6 2.c4 g6 3.Nc3 Bg7 4.e4 d6 5.Be2 O-O 6.Nf3 e5 7.O-O Nc6 8.d5 Ne7
9.Ne1 Nd7 10.f3 f5 11.g4 Nf6 12.Nd3 Kh8 13.Be3 c6 14.h3 b5 15.Nb4 cxd5 16.Nbxd5 Nexd5
17.Nxd5 Bb7 18.Nxf6 Qxf6 19.cxb5 d5 20.exd5 Rad8 21.Bc4 f4 22.Bf2 e4 23.fxe4 f3
24.Qd3 h5 25.e5 Qg5 26.Rae1 Rf4 27.Re4 hxg4 28.Bg3 Rxe4 29.Qxe4 Qd2 30.Rf2 Qd1+
31.Kh2 Bxd5 32.Bxd5 Rxd5 33.hxg4 Rd2 34.Qe3 Rd3 35.Qf4 Kh7 36.g5 Kg8 37.e6 Qe1
38.e7 Rd1 39.Qxf3 Qg1+ 40.Kh3 Re1 41.e8=Q+ Rxe8 42.Qf7+  1-0

[Event "Prague zt"]
[Site "Prague"]
[Date "1985.??.??"]
[Round "7"]
[White "Ftacnik, Lubomir"]
[Black "Sznapik, Aleksander"]
[Result "1/2-1/2"]
[WhiteElo "2545"]
[BlackElo "2450"]

1.d4 Nf6 2.c4 g6 3.Nc3 Bg7 4.e4 d6 5.Be2 O-O 6.Nf3 e5 7.O-O Nc6 8.d5 Ne7
9.Nd2 a5 10.Rb1 c5 11.a3 Ne8 12.b4 axb4 13.axb4 b6 14.Qb3 f5 15.bxc5 bxc5
16.Qb6 Qd7 17.Nf3 h6 18.Bd2 Nf6 19.Bd3 Ra6 20.Qb2 Nh5 21.Rfe1 fxe4 22.Bxe4 Nf4
23.Qb5 Qg4 24.Bxf4 Qxf4 25.Ra1 Rxa1 26.Rxa1 Nf5 27.Qb6 Nd4 28.Qxd6 Bf5 29.Nxd4 cxd4
30.g3 Qd2 31.Bxf5 Qxc3 32.Qe6+ Kh8 33.Ra8 gxf5 34.Rxf8+ Bxf8 35.Qxf5  1/2-1/2

[Event "Prague zt"]
[Site "Prague"]
[Date "1985.??.??"]
[Round "14"]
[White "Suba, Mihai"]
[Black "Schmidt, Wlodzimierz"]
[Result "0-1"]
[WhiteElo "2465"]
[BlackElo "2475"]

1.c4 g6 2.e4 Bg7 3.d4 d6 4.Nc3 Nf6 5.Be2 O-O 6.Nf3 e5 7.O-O Nc6 8.d5 Ne7
9.b4 Nh5 10.c5 Nf4 11.Bxf4 exf4 12.Rc1 h6 13.h3 g5 14.a4 Ng6 15.Nb5 a6 16.Nbd4 Re8
17.Rc4 Qf6 18.Qc2 h5 19.Nf5 Rxe4 20.Qxe4 Bxf5 21.Qd4 Qe7 22.Qd1 g4 23.hxg4 hxg4
24.Nh2 Qg5 25.Bxg4 Ne5 26.Bxf5 Nxc4 27.Bh3 dxc5 28.bxc5 Rd8 29.Qc1 Qxd5 30.Qxf4 Qxc5
31.Rc1 b5 32.axb5 axb5 33.Nf3 Qd6 34.Qg5 c6 35.Bf5 Kf8 36.Re1 Qf6 37.Qh5 Re8
38.Rd1 Rd8 39.Rxd8+ Qxd8 40.Ng5 Qe7 41.Nf3 Qe2 42.Qg4 Nd6 43.Bd7 Ne4 44.Kh2 Qd3
45.Bf5 Qd6+ 46.Kg1 Nc3 47.Bc2 Bf6 48.Qc8+ Bd8 49.Qh3 Nd5 50.Qh8+ Ke7 51.Nd4 Kd7
52.Qg7 Qf6 53.Qg4+ Kc7 54.Qe4 Nc3 55.Nxb5+ Nxb5 56.Bb3 Kb7 57.Qe8 Bc7 58.g3 Nd6
59.Qe2 Qd4 60.g4 f6 61.Bc2 Nc4 62.Be4 Ne5 63.Kg2 Bb6 64.Kg3 Nc4 65.Qc2 Ne5  0-1

[Event "Trencianske Teplice"]
[Site "Trencianske Teplice"]
[Date "1985.??.??"]
[Round "3"]
[White "Ftacnik, Lubomir"]
[Black "Pecorelli Garcia, Humberto"]
[Result "1-0"]
[WhiteElo "2500"]
[BlackElo "2430"]

1.d4 Nf6 2.c4 g6 3.Nc3 Bg7 4.e4 d6 5.Be2 O-O 6.Nf3 e5 7.O-O Nc6 8.d5 Ne7
9.Ne1 Nd7 10.Nd3 f5 11.Bd2 Nf6 12.f3 f4 13.c5 g5 14.Rc1 Rf7 15.cxd6 cxd6
16.Nb5 Ne8 17.Qc2 Ng6 18.a4 Bd7 19.Nf2 Bf8 20.Qb3 h5 21.h3 Rg7 22.Rc2 a6
23.Na3 g4 24.fxg4 Nh4 25.a5 Nf6 26.Qb6 hxg4 27.Qxd8 Rxd8 28.hxg4 Nxg4 29.Nxg4 Bxg4
30.Bxg4 Rxg4 31.Be1 Rd7 32.Bxh4 Rxh4 33.Rc8 Rg4 34.Nc4 Rdg7 35.Rf2 R4g6 36.Ne3 Rf7
37.Nf5 Rxf5 38.exf5 Rg5 39.f6 Rf5 40.Rb8 e4 41.Rc2 Rxf6 42.Rxb7 Bg7 43.Rc8+ Kh7
44.Rcc7 Rg6 45.b4  1-0

[Event "Tirnavia-B"]
[Site "Trnava"]
[Date "1985.??.??"]
[Round "12"]
[White "Pekarek, Ales"]
[Black "Moehring, Guenther"]
[Result "1-0"]
[WhiteElo "2360"]
[BlackElo "2385"]

1.Nf3 Nf6 2.c4 g6 3.Nc3 Bg7 4.e4 d6 5.d4 O-O 6.Be2 e5 7.O-O Nc6 8.d5 Ne7
9.Nd2 Nd7 10.b4 f5 11.Nb3 Nf6 12.f3 f4 13.c5 g5 14.b5 h5 15.a4 g4 16.a5 Kh8
17.Bb2 Ng6 18.b6 axb6 19.axb6 Rxa1 20.Qxa1 dxc5 21.Nxc5 c6 22.Qa7 cxd5 23.Nxb7 Bxb7
24.Qxb7 d4 25.Na4 d3 26.Bd1 Qb8 27.Qxb8 Rxb8 28.Ba3 Bf8 29.Bxf8 Nxf8 30.Rf2 g3
31.Rb2 N6d7 32.h3 Ne6 33.Kf1 Kg7 34.Ke1 Kf6 35.Kd2 Ke7 36.Kxd3 Kd6 37.Rb5 Nec5+
38.Nxc5 Nxc5+ 39.Kc4 Rc8 40.Bb3 Nxe4+ 41.Kb4 Nf2 42.b7 Rb8 43.Ka5 e4 44.Kb6 exf3
45.Bd5 fxg2 46.Bxg2 Ke6 47.Kc7 Rf8 48.b8=Q Rxb8 49.Rxb8 Ke5 50.Rd8 h4 51.Kc6 f3
52.Re8+ Kd4 53.Bxf3 Nxh3 54.Re4+ Kd3 55.Rxh4 Ke3 56.Bh1 Nf2 57.Bd5 Nd3 58.Ra4 Ne1
59.Ra2 Nd3 60.Ra3 Kd4 61.Kd6 Ke3 62.Ke6 Kd4 63.Kf5 Ne1 64.Be4 g2 65.Rg3 Nf3
66.Bxf3  1-0

[Event "SWE-ch"]
[Site "Uppsala"]
[Date "1985.??.??"]
[Round "?"]
[White "Renman, Nils Gustaf"]
[Black "Schutz, Ingemar"]
[Result "1-0"]
[WhiteElo "2425"]
[BlackElo "2200"]

1.d4 Nf6 2.Nf3 g6 3.c4 Bg7 4.Nc3 O-O 5.e4 d6 6.Be2 e5 7.O-O Nc6 8.d5 Ne7
9.Nd2 c5 10.dxc6 bxc6 11.b4 d5 12.b5 d4 13.Na4 d3 14.Bf3 cxb5 15.cxb5 Rb8
16.Ba3 Rxb5 17.Nc4 Be6 18.Nd6 Rb8 19.Qxd3 Nc6 20.Nc5 Bg4 21.Bxg4 Nxg4 22.h3 Nf6
23.Nb3 Nh5 24.g3 Qd7 25.Kh2 Rfd8 26.Qc4 Bf8 27.Rfd1 Rxb3 28.axb3 Nd4 29.Rxd4 exd4
30.e5 Rb8 31.Bc5 Bxd6 32.exd6 Qf5 33.Qxd4 Nxg3 34.fxg3 Re8 35.d7 Re2+ 36.Kg1  1-0

[Event "Copenhagen op"]
[Site "Copenhagen"]
[Date "1986.??.??"]
[Round "2"]
[White "Cserna, Laszlo"]
[Black "Lind, Jan Olov"]
[Result "1-0"]
[WhiteElo "2390"]
[BlackElo "2260"]

1.d4 Nf6 2.c4 g6 3.Nc3 Bg7 4.e4 d6 5.Be2 O-O 6.Nf3 e5 7.O-O Nc6 8.d5 Ne7
9.Ne1 Nd7 10.f3 f5 11.g4 Nf6 12.Nd3 c6 13.Be3 cxd5 14.cxd5 Bd7 15.Rc1 Nc8
16.a4 Nb6 17.b3 Rc8 18.Nf2 Rc7 19.a5 Nc8 20.a6 h5 21.gxf5 gxf5 22.Bg5 Qe8
23.Kh1 f4 24.Rg1 Kh8 25.axb7 Rxb7 26.Ba6 Rc7 27.Qe2 Nh7 28.Bh4 Ne7 29.Nd3 Ng6
30.Bf2 Bf6 31.Nb4 Ng5 32.Nb5 Rxc1 33.Rxc1 Bxb5 34.Bxb5 Qf7 35.Ra1 Nh3 36.Rxa7 Nxf2+
37.Qxf2 Qg8 38.Bd7 Nh4 39.Be6 Qg5 40.Nc6  1-0

[Event "FRA-chB"]
[Site "Epinal"]
[Date "1986.??.??"]
[Round "11"]
[White "Lautier, Joel"]
[Black "Degraeve, Jean Marc"]
[Result "1-0"]
[WhiteElo "2220"]
[BlackElo "2170"]

1.d4 Nf6 2.c4 g6 3.Nc3 Bg7 4.e4 d6 5.Nf3 O-O 6.Be2 e5 7.O-O Nc6 8.d5 Ne7
9.Ne1 Nd7 10.f3 f5 11.g4 Kh8 12.Nd3 Ng8 13.Kh1 Bh6 14.Rg1 Bxc1 15.Rxc1 c5
16.dxc6 bxc6 17.c5 fxe4 18.fxe4 dxc5 19.Na4 Ba6 20.Naxc5 Nxc5 21.Nxc5 Bxe2
22.Qxe2 Qh4 23.Nd3 Nf6 24.Nxe5 Qg5 25.Nd3 Rae8 26.e5 Nd7 27.Rgf1 Rg8 28.Rce1 Re6
29.Rf7 Nxe5 30.Nxe5 Rge8 31.Qf2 Qd8 32.Qxa7 Qh4 33.Nxg6+ hxg6 34.Rxe6 Rd8
35.Rf1 Qxg4 36.Qf7  1-0